Responses for Show #7261 - Monday, March 21, 2016

Contestants

[<< previous game]

Melissa Spencer, an adjunct physics instructor and stay-at-home mom from Des Moines, Iowa

Kim Vu, an international development project manager from Washington, D.C.

Steve Stoffle, a leadership trainer from Decatur, Georgia (whose 1-day cash winnings total $17,599)

[next game >>]

Jeopardy! Round responses

NOW YOU SEE ME
WORLD HOLIDAYS
E BEFORE I
AROUND THE USA
THE FRENCH MISTAKE, VOILA!
WE LOVE MEL BROOKS
    $200 4
Buddha

Kim
    $200 2
Maine

Steve
    $200 5
Marie Antoinette

Steve
    $200 7
Moses

Steve
    $400 27
a seahorse

Steve
    $400 9
Saint Paul

Triple Stumper
    $400 28
[End-of-round signal sounds]

a sleigh

Melissa
    $400 16
Oahu

Kim
    $400 13
Sarkozy

Steve
    $400 11
Young Frankenstein

Kim
    $600 23
a gecko

Kim
    $600 3
Easter

Melissa
    $600 24
(Alex: With less than a minute to go, you are right.)

forfeit

Melissa
    $600 14
the Cascades

Kim
    $600 20
Spain

Steve
    $600 1
Get Smart

Kim
    $800 17
(Steve: What is a hoot owl?)

the Eastern screetch owl

Steve
Triple Stumper
    $800 8
the fast

Melissa
    $800 26
a feint

Kim
    $800 18
Lake Huron

Melissa
    $1,000 21
the Eiffel Tower

Steve
    $800 6
Blazing Saddles

Melissa
    $1000 15
a walking stick

Melissa
    $1000 10
(Kim: What is the Dominican Republic?)

the Bahamas

Kim
Triple Stumper
    $1000 25
casein

Triple Stumper
    $1000 19
Laughlin

Triple Stumper
    $1000 22
(André) Maginot

Kim
    $1000 12
Curb Your Enthusiasm

Melissa

Scores at the first commercial break (after clue 15):

Steve Kim Melissa
$1,000 $800 $4,200

Scores at the end of the Jeopardy! Round:

Steve Kim Melissa
$2,200 $3,600 $6,000

Double Jeopardy! Round responses

POP QUIZ
AMERICAN POETS
20th CENTURY
NEWSPAPERS
ART FOR ART'S SAKE
WORDS THAT START LIKE THE DAY OF THE WEEK
(Alex: For instance, if the clue said, "The sixth planet from the Sun", "What is Saturn?" That starts with "S-A-T-" for "Saturday".)
    $400 3
"Pop Goes The Weasel"

Kim
    $400 22
a figurine

Steve
    $400 12
a wedge

Steve
    $800 4
the Monterey Pop Festival

Steve
    $800 8
Robert Frost

Triple Stumper
    $800 25
Desert Storm

Melissa
    $800 21
the Miami Herald

Steve
    $800 20
an inlay

Kim
    $800 13
a monkey wrench

Kim
    $1200 5
Pop-Tarts

Kim
    $3,000 9
(e.e). cummings

Steve
    $1200 17
(Steve: Who is Post?)

Richard Byrd

Steve
Triple Stumper
    $1200 23
Orange County

Kim
    $1200 19
a diorama

Steve
    $1200 14
(Steve: What is Strunk?)

Thurber

Steve
Triple Stumper
    $1600 6
Top of the Pops

Steve
    $1600 10
Emma Lazarus

Triple Stumper
    $1600 18
Sacco and Vanzetti

Steve
    $1600 24
(Kim: What is the Sun-Times?)
...
(Alex: No. Melissa or Steve? "What is [*]?" And we have about a minute left, Kim.)

The Arizona Republic

Kim
Triple Stumper
    $1600 2
(Kim: What is a relief?)
(Alex: Be more specific.)
(Kim: What is a [*}?)

a bas-relief

Kim
    $1600 15
satisfaction

Triple Stumper
    $2000 7
(Arthur) Fiedler

Steve
    $2000 11
(Carl) Sandburg

Melissa
    $2000 26
National Labor Relations Act

Triple Stumper
    $2,000 27
(Melissa; What is Florence?)
...
[End-of-round signal sounds]

Vatican City

Melissa
    $2000 1
giclee

Steve
    $2000 16
(Kim: What are frivolities?)

sundries

Kim
Triple Stumper

Scores at the end of the Double Jeopardy! Round:

Steve Kim Melissa
$13,600 $6,000 $6,800
(lock-tie game)

[wagering suggestions for these scores]

Final Jeopardy! Round responses

WORLD HERITAGE SITES
KimWhat is Vietnam?
$5,500
MelissaWhat is Vietnam?
$6,800
SteveWhat is Korea?
$1
Vietnam

Final scores:

Steve Kim Melissa
$13,599 $11,500 $13,600
2nd place: $2,000 3rd place: $1,000 New champion: $13,600

Game dynamics:

Coryat scores:

Steve Kim Melissa
$11,600 $6,000 $8,800
17 R
(including 2 DDs),
3 W
14 R,
3 W
10 R,
1 W
(including 1 DD)

Combined Coryat: $26,400

[game clues] [game scores] [suggest correction]

Game tape date: 2016-02-02
The J! Archive is created by fans, for fans. Scraping, republication, monetization, and malicious use prohibited; this site may use cookies and collect identifying information. See terms. The Jeopardy! game show and all elements thereof, including but not limited to copyright and trademark thereto, are the property of Jeopardy Productions, Inc. and are protected under law. This website is not affiliated with, sponsored by, or operated by Jeopardy Productions, Inc. Join the discussion at JBoard.tv.